Το Σύνταγμα του 1975
Saved in:
| Main Author: | |
|---|---|
| Other Authors: | |
| Format: | Book |
| Language: | Greek |
| Published: |
Θεσσαλονίκη :
Σάκκουλας,
1978.
|
| Edition: | 2η έκδ. |
| Subjects: | |
| Tags: |
Add Tag
No Tags, Be the first to tag this record!
|
MARC
| LEADER | 00000cam a2200000 i 4500 | ||
|---|---|---|---|
| 001 | 1/72846 | ||
| 008 | 961120s1978 gr | | ||| | gre|| | ||
| 035 | |a 1996 |b 3 |c Δωρεά |l 10031355 | ||
| 040 | |a GR-MY-UA |b gre |e aacr | ||
| 041 | 0 | |a gre | |
| 082 | 7 | |a 342.02495 |2 (22) | |
| 100 | 1 | |a Μάνεσης, Αριστόβουλος Ι., |d 1922-2000. | |
| 245 | 1 | 3 | |a Το Σύνταγμα του 1975 / |c Αριστ. Μάνεση, Γ.Παπαδημητρίου. |
| 250 | |a 2η έκδ. | ||
| 260 | |a Θεσσαλονίκη : |b Σάκκουλας, |c 1978. | ||
| 300 | |a 317 σ. | ||
| 610 | 1 | 0 | |a Ελλάς. |t Σύνταγμα (1975) |
| 650 | 0 | 0 | |a Constitutional law |z Greece. |
| 700 | 1 | |a Παπαδημητρίου, Γιώργος Αλ., |d 1944-2009. | |
| 852 | |a INST |b RHODES |e 19961120 |h 342.02495 ΜΑΝ |p 005400006861 |q 005400006861 |t REF |y 23 | ||
| 909 | |a Ρ |b 048733 | ||
| 970 | |z 2000/08/ΔΕΜΕΝΑΓΑΣ ΠΕΤΡΟΣ | ||